000 00458nam a2200157Ia 4500
008 230312s9999||||xx |||||||||||||| ||und||
020 _a81-88458-93-7
082 _a621.3819
_bGUP-E
100 _aGupta,J.B
245 0 _aElectronics and Electrical Measurements and Instrumentation
260 _bS.K.Kataria & Sons
_aIndia
_c2007
300 _a24
546 _aEng.
650 _aEngineering
_vUnits, Dimensions and Standards,Measurement Systems
942 _cBK
999 _c1692
_d1692